Delovoje obščenie

Na minha lista:
Detalhes bibliográficos
Autor principal: Strelková, Katarína
Formato: Capítulo de Livro
Idioma:russo
Tags: Adicionar Tag
Sem tags, seja o primeiro a adicionar uma tag!

MARC

LEADER 00000naa$a2200000$$$4500
001 0056024
005 20240502083138.4
041 0 |a rus 
044 |a HU 
245 1 0 |a Delovoje obščenie  |c Katarína Strelková 
100 1 |a Strelková, Katarína